Central Library OPAC University of Rajshahi

Preparations of vertebrate central nervous system in vitro / (Record no. 65990)

MARC details
000 -LEADER
fixed length control field 01030nam a2200289 a 4500
001 - CONTROL NUMBER
control field 65990
003 - CONTROL NUMBER IDENTIFIER
rucl marc code BD-RjUL
005 - DATE AND TIME OF LATEST TRANSACTION
control field 20211209081505.0
008 - FIXED-LENGTH DATA ELEMENTS--GENERAL INFORMATION
fixed length control field 170313s1990 enka b 001 0 eng c
020 ## - INTERNATIONAL STANDARD BOOK NUMBER
International Standard Book Number 0471926574
035 ## - SYSTEM CONTROL NUMBER
System control number (BD-RjUL)66120
040 ## - CATALOGING SOURCE
Original cataloging agency DNLM/DLC
Transcribing agency DLC
Modifying agency BD-RjUL
Language of cataloging eng
041 ## - LANGUAGE CODE
Language code of text/sound track or separate title eng
082 00 - DEWEY DECIMAL CLASSIFICATION NUMBER
Classification number 596.048072
Edition number 23
Author mark and year PRE 1990
245 10 - TITLE STATEMENT
Title Preparations of vertebrate central nervous system in vitro /
Statement of responsibility, etc. edited by Henrik Jahnsen.
260 ## - PUBLICATION, DISTRIBUTION, ETC. (IMPRINT)
Place of publication, distribution, etc. Chichester ;
-- New York :
Name of publisher, distributor, etc. Wiley,
Date of publication, distribution, etc. c1990.
300 ## - PHYSICAL DESCRIPTION
Pagination xiv, 241 p. :
Illustrations ill. ;
Size 24 cm.
504 ## - BIBLIOGRAPHY, ETC. NOTE
Bibliography, etc Includes bibliographical references and index.
650 #0 - SUBJECT ADDED ENTRY--TOPICAL TERM
Topical term or geographic name as entry element Central nervous system
General subdivision Histochemistry
-- Technique.
9 (RLIN) 195192
Topical term or geographic name as entry element Vertebrates
General subdivision Histology.
9 (RLIN) 195193
Topical term or geographic name as entry element Vertebrates
General subdivision Nervous system.
9 (RLIN) 195194
Topical term or geographic name as entry element Central Nervous System
General subdivision anatomy & histology.
9 (RLIN) 195195
Topical term or geographic name as entry element Vertebrates
General subdivision anatomy & histology.
9 (RLIN) 195196
700 1# - ADDED ENTRY--PERSONAL NAME
Personal name Jahnsen, Henrik.
942 ## - ADDED ENTRY ELEMENTS (KOHA)
Source of classification or shelving scheme Dewey Decimal Classification
Koha item type Books
Holdings
Lost status Source of classification or shelving scheme Damaged status Not for loan Collection code Permanent Location Current Location Shelving location Date acquired Source of acquisition Cost, normal purchase price Total Checkouts Full call number Date last seen Copy number Koha item type
  Dewey Decimal Classification   Not For Loan Non-fiction Central Library, University of Rajshahi Central Library, University of Rajshahi Reading Room 05/05/2008 Dhaka,Paragon Enterprise 116.11   596.048072 PRE 1990 13/03/2017 C-1 Books